Introducción a la pedagogía de la comunicación / (Record no. 83400)

MARC details
000 -CABECERA
campo de control de longitud fija 00636nam a2200217 a 4500
005 - FECHA Y HORA DE LA ÚLTIMA TRANSACCIÓN
campo de control 20240113063651.0
008 - ELEMENTOS DE LONGITUD FIJA--INFORMACIÓN GENERAL
campo de control de longitud fija 010711s19901997mx r 000 0 spa d
020 ## - NÚMERO INTERNACIONAL NORMALIZADO PARA LIBROS
Número Internacional Estándar del Libro 9682435323
035 ## - NÚMERO DE CONTROL DEL SISTEMA
Número de control de sistema UPN01000109489
049 ## - COLECCIÓN
Colección CG
050 #4 - SIGNATURA TOPOGRÁFICA DE LA BIBLIOTECA DEL CONGRESO
Número de clasificación HM258
Número de documento/Ítem P5.4
100 1# - ASIENTO PRINCIPAL--NOMBRE PERSONAL
Nombre de persona Piccini, Mabel
9 (RLIN) 29854
245 10 - MENCIÓN DE TÍTULO
Título Introducción a la pedagogía de la comunicación /
Mención de responsabilidad, etc. Mabel Piccini, Ana María Nethol.
250 ## - MENCIÓN DE EDICIÓN
Mención de edición 2a ed.
260 ## - PUBLICACIÓN, DISTRIBUCIÓN, ETC.
Lugar de publicación, distribución, etc. México :
Nombre del editor, distribuidor, etc. Trillas,
Fecha de publicación, distribución, etc. 1990 (1997 impr.).
300 ## - DESCRIPCIÓN FÍSICA
Extensión 141 p.
440 #0 - MENCIÓN DE SERIE/ASIENTO SECUNDARIO--TÍTULO
Título Biblioteca universitaria básica
650 #4 - ASIENTO SECUNDARIO DE MATERIA - TERMINO TEMATICO
Término de materia o nombre geográfico como elemento de entrada Comunicación
9 (RLIN) 9285
700 1# - ASIENTO SECUNDARIO--NOMBRE DE PERSONAL
Nombre de persona Nethol, Ana María,
Término indicativo de función/relación coaut.
905 ## - TIPO DE MATERIAL
Tipo de material Libro
Holdings
Estado de retiro Estado de pérdida Fuente del sistema de clasificación o colocación Estado dañado No para préstamo Código de colección Localización permanente Ubicación/localización actual Ubicación en estantería Total de préstamos Clasificación Código de barras Fecha visto por última vez Número de copia Tipo de ítem Koha
    Library of Congress Classification     Colección General Bib. Gregorio Torres Quintero Bib. Gregorio Torres Quintero Planta baja 14 HM258 P5.4 223249 31/12/2020 1 Libro
    Library of Congress Classification     Colección General Bib. Gregorio Torres Quintero Bib. Gregorio Torres Quintero Planta baja 20 HM258 P5.4 166476 31/12/2020 1 Libro
    Library of Congress Classification     Colección General Bib. Gregorio Torres Quintero Bib. Gregorio Torres Quintero Planta baja 19 HM258 P5.4 166475 31/12/2020 1 Libro